[Event "ODJM B 2023"]
[Site "Willingen GER"]
[Date "2023.05.31"]
[Round "5"]
[White "Khudagulyan, Xoren"]
[Black "Blome, Johannes"]
[Result "1/2-1/2"]
[Termination "normal"]
[Board "1"]
[WhiteElo "1698"]
[BlackElo "1849"]
[WhiteClock "00:07:53"]
[BlackClock "00:17:23"]
[PlyCount "90"]
[WhiteFideId "34618945"]
[BlackFideId "16233972"]
[EventCountry "GER"]
[EventRounds "9"]
[EventType "swiss"]
[EventDate "2023.05.27"]

1. d4 {[%clk 01:30:46]} {[%emt 00:00:13]} c6 {[%clk 01:30:39]} {[%emt
00:00:22]} 2. Nf3 {[%clk 01:30:50]} {[%emt 00:00:26]} Nf6 {[%clk 01:31:03]}
{[%emt 00:00:06]} 3. c4 {[%clk 01:31:00]} {[%emt 00:00:20]} b5 {[%clk
01:31:29]} {[%emt 00:00:04]} 4. e3 {[%clk 01:28:41]} {[%emt 00:02:49]} bxc4
{[%clk 01:30:15]} {[%emt 00:01:44]} 5. Nc3 {[%clk 01:20:19]} {[%emt 00:08:52]}
d5 {[%clk 01:30:00]} {[%emt 00:00:45]} 6. Bd2 {[%clk 01:20:46]} {[%emt
00:00:04]} Bf5 {[%clk 01:29:45]} {[%emt 00:00:44]} 7. b3 {[%clk 01:21:00]}
{[%emt 00:00:16]} cxb3 {[%clk 01:28:40]} {[%emt 00:01:35]} 8. Qxb3 {[%clk
01:20:38]} {[%emt 00:00:52]} Qb6 {[%clk 01:27:12]} {[%emt 00:01:57]} 9. Ne5
{[%clk 01:13:06]} {[%emt 00:08:03]} Nfd7 {[%clk 01:20:25]} {[%emt 00:07:17]}
10. Nd3 {[%clk 01:11:22]} {[%emt 00:02:13]} e6 {[%clk 01:17:13]} {[%emt
00:03:43]} 11. Na4 {[%clk 01:08:09]} {[%emt 00:03:43]} Qxb3 {[%clk 01:15:43]}
{[%emt 00:02:00]} 12. axb3 {[%clk 01:08:38]} {[%emt 00:00:02]} Bd6 {[%clk
01:15:30]} {[%emt 00:00:41]} 13. b4 {[%clk 00:56:42]} {[%emt 00:12:26]} O-O
{[%clk 01:14:59]} {[%emt 00:01:00]} 14. Be2 {[%clk 00:56:36]} {[%emt 00:00:37]}
Na6 {[%clk 01:10:42]} {[%emt 00:04:47]} 15. Nac5 {[%clk 00:44:08]} {[%emt
00:12:58]} Naxc5 {[%clk 01:08:20]} {[%emt 00:02:53]} 16. bxc5 {[%clk 00:44:19]}
{[%emt 00:00:20]} Bc7 {[%clk 01:08:38]} {[%emt 00:00:11]} 17. Nb4 {[%clk
00:44:15]} {[%emt 00:00:34]} Nb8 {[%clk 01:04:31]} {[%emt 00:04:37]} 18. Na6
{[%clk 00:44:28]} {[%emt 00:00:17]} Rc8 {[%clk 00:57:38]} {[%emt 00:07:22]} 19.
O-O {[%clk 00:44:09]} {[%emt 00:00:50]} Bd8 {[%clk 00:51:59]} {[%emt 00:06:08]}
20. g4 {[%clk 00:42:24]} {[%emt 00:02:15]} Bg6 {[%clk 00:51:32]} {[%emt
00:00:57]} 21. Kg2 {[%clk 00:40:37]} {[%emt 00:02:18]} f6 {[%clk 00:50:50]}
{[%emt 00:01:12]} 22. Rfc1 {[%clk 00:35:14]} {[%emt 00:05:53]} Kf8 {[%emt
00:05:53]} 23. f3 {[%clk 00:32:59]} {[%emt 00:02:26]} h6 {[%clk 00:36:26]}
{[%emt 00:09:49]} 24. Be1 {[%clk 00:27:33]} {[%emt 00:05:57]} Be8 {[%clk
00:35:00]} {[%emt 00:01:55]} 25. Bg3 {[%clk 00:27:25]} {[%emt 00:00:38]} Nd7
{[%clk 00:33:10]} {[%emt 00:02:19]} 26. Bd6+ {[%clk 00:23:58]} {[%emt
00:03:58]} Kf7 {[%clk 00:30:33]} {[%emt 00:03:07]} 27. Rcb1 {[%clk 00:23:15]}
{[%emt 00:01:13]} Be7 {[%clk 00:27:19]} {[%emt 00:03:44]} 28. Rb7 {[%clk
00:17:30]} {[%emt 00:06:15]} e5 {[%clk 00:18:49]} {[%emt 00:09:00]} 29. Nc7
{[%clk 00:17:23]} {[%emt 00:00:37]} Rab8 {[%clk 00:19:05]} {[%emt 00:00:13]}
30. Raxa7 {[%clk 00:16:56]} {[%emt 00:00:58]} Rxb7 {[%clk 00:18:51]} {[%emt
00:00:45]} 31. Rxb7 {[%clk 00:17:25]} Bxd6 {[%clk 00:18:26]} {[%emt 00:00:54]}
32. cxd6 {[%clk 00:17:54]} {[%emt 00:00:02]} Rb8 {[%clk 00:18:12]} {[%emt
00:00:43]} 33. Ba6 {[%clk 00:16:58]} {[%emt 00:01:26]} Rxb7 {[%clk 00:17:17]}
{[%emt 00:01:25]} 34. Bxb7 {[%clk 00:15:38]} {[%emt 00:01:51]} Nb8 {[%clk
00:17:19]} {[%emt 00:00:27]} 35. Kf2 {[%clk 00:15:31]} {[%emt 00:00:37]} Bd7
{[%clk 00:16:50]} {[%emt 00:00:59]} 36. h3 {[%clk 00:11:18]} {[%emt 00:04:43]}
exd4 {[%clk 00:16:59]} {[%emt 00:00:20]} 37. exd4 {[%clk 00:11:47]} {[%emt
00:00:02]} f5 {[%clk 00:17:06]} {[%emt 00:00:23]} 38. Ke3 {[%clk 00:11:50]}
{[%emt 00:00:27]} Kf6 {[%clk 00:17:09]} {[%emt 00:00:26]} 39. Kf4 {[%clk
00:10:15]} {[%emt 00:02:07]} g5+ {[%clk 00:16:11]} {[%emt 00:01:27]} 40. Kg3
{[%clk 00:06:51]} {[%emt 00:03:53]} f4+ {[%clk 00:16:06]} {[%emt 00:00:36]} 41.
Kf2 {[%clk 00:07:08]} {[%emt 00:00:13]} Kg6 {[%clk 00:16:20]} {[%emt 00:00:16]}
42. Ke2 {[%clk 00:07:27]} {[%emt 00:00:11]} h5 {[%clk 00:16:43]} {[%emt
00:00:07]} 43. Kd3 {[%clk 00:07:42]} {[%emt 00:00:15]} hxg4 {[%clk 00:16:40]}
{[%emt 00:00:33]} 44. hxg4 {[%emt 00:00:09]} Kf7 {[%clk 00:17:01]} {[%emt
00:00:07]} 45. Kc3 {[%clk 00:07:53]} {[%emt 00:00:42]} Kf6 {[%clk 00:17:23]}
{[%emt 00:00:07]} 1/2-1/2

[Event "ODJM B 2023"]
[Site "Willingen GER"]
[Date "2023.05.31"]
[Round "5"]
[White "John, Niklas"]
[Black "Andrade, Ruben"]
[Result "0-1"]
[Termination "normal"]
[Board "2"]
[WhiteElo "1652"]
[BlackElo "1753"]
[WhiteClock "00:29:34"]
[BlackClock "00:28:19"]
[PlyCount "84"]
[WhiteFideId "16234626"]
[BlackFideId "16246829"]
[EventCountry "GER"]
[EventRounds "9"]
[EventType "swiss"]
[EventDate "2023.05.27"]

1. e4 {[%clk 01:30:53]} {[%emt 00:00:06]} e5 {[%clk 01:30:55]} {[%emt
00:00:06]} 2. Nf3 {[%clk 01:31:14]} {[%emt 00:00:08]} Nc6 {[%clk 01:31:23]}
{[%emt 00:00:03]} 3. Bc4 {[%clk 01:31:31]} {[%emt 00:00:13]} Bc5 {[%clk
01:31:45]} {[%emt 00:00:09]} 4. d3 {[%clk 01:31:43]} {[%emt 00:00:17]} Nf6
{[%clk 01:32:07]} {[%emt 00:00:08]} 5. O-O {[%clk 01:31:55]} {[%emt 00:00:17]}
d6 {[%clk 01:32:32]} {[%emt 00:00:05]} 6. c3 {[%clk 01:32:12]} {[%emt
00:00:14]} a6 {[%clk 01:32:56]} {[%emt 00:00:07]} 7. Bb3 {[%clk 01:32:14]}
{[%emt 00:00:27]} Ba7 {[%clk 01:33:21]} {[%emt 00:00:06]} 8. Re1 {[%clk
01:32:16]} {[%emt 00:00:27]} Ng4 {[%clk 01:33:06]} {[%emt 00:00:45]} 9. Re2
{[%clk 01:32:24]} {[%emt 00:00:21]} Qf6 {[%clk 01:33:31]} {[%emt 00:00:06]} 10.
Nbd2 {[%clk 01:30:25]} {[%emt 00:02:29]} g5 {[%clk 01:33:45]} {[%emt 00:00:15]}
11. Nf1 {[%clk 01:28:21]} {[%emt 00:02:34]} Nxf2 {[%clk 01:33:06]} {[%emt
00:01:11]} 12. Rxf2 {[%clk 01:21:32]} {[%emt 00:07:18]} Bxf2+ {[%clk 01:33:31]}
{[%emt 00:00:05]} 13. Kxf2 {[%clk 01:21:31]} {[%emt 00:00:31]} g4 {[%clk
01:33:55]} {[%emt 00:00:06]} 14. Bg5 {[%clk 01:18:22]} {[%emt 00:03:39]} Qg6
{[%clk 01:34:17]} {[%emt 00:00:08]} 15. N1d2 {[%clk 01:18:27]} {[%emt
00:00:25]} gxf3 {[%clk 01:30:31]} {[%emt 00:04:16]} 16. Nxf3 {[%clk 01:17:53]}
{[%emt 00:01:04]} Bg4 {[%clk 01:28:02]} {[%emt 00:02:59]} 17. Bh4 {[%clk
01:16:38]} {[%emt 00:01:45]} Rg8 {[%clk 01:11:45]} {[%emt 00:16:47]} 18. h3
{[%clk 01:03:10]} {[%emt 00:13:58]} Be6 {[%clk 01:09:48]} {[%emt 00:02:27]} 19.
g4 {[%clk 00:57:41]} {[%emt 00:05:59]} h5 {[%clk 00:56:37]} {[%emt 00:13:41]}
20. Bxe6 {[%clk 00:54:18]} {[%emt 00:03:52]} fxe6 {[%clk 00:56:16]} {[%emt
00:00:51]} 21. Nh2 {[%clk 00:53:55]} {[%emt 00:00:54]} Kd7 {[%clk 00:54:26]}
{[%emt 00:02:19]} 22. Kg2 {[%clk 00:50:14]} {[%emt 00:04:11]} hxg4 {[%clk
00:47:12]} {[%emt 00:07:44]} 23. Nxg4 {[%clk 00:49:05]} {[%emt 00:01:39]} Qh5
{[%clk 00:43:14]} {[%emt 00:04:29]} 24. Bg3 {[%clk 00:46:32]} {[%emt 00:03:02]}
Qg5 {[%clk 00:34:11]} {[%emt 00:09:34]} 25. Qe2 {[%clk 00:42:19]} {[%emt
00:04:42]} Raf8 {[%clk 00:33:13]} {[%emt 00:01:28]} 26. Kh2 {[%clk 00:39:25]}
{[%emt 00:03:25]} Kc8 {[%clk 00:29:04]} {[%emt 00:04:38]} 27. b4 {[%clk
00:37:36]} {[%emt 00:02:19]} Ne7 {[%clk 00:28:24]} {[%emt 00:01:10]} 28. b5
{[%clk 00:36:06]} {[%emt 00:02:00]} axb5 {[%clk 00:28:19]} {[%emt 00:00:35]}
29. d4 {[%clk 00:35:36]} {[%emt 00:01:00]} exd4 {[%clk 00:26:52]} {[%emt
00:01:58]} 30. cxd4 {[%clk 00:34:44]} {[%emt 00:01:21]} Qh5 {[%clk 00:18:23]}
{[%emt 00:08:59]} 31. Kg2 {[%clk 00:26:23]} {[%emt 00:08:51]} Ng6 {[%clk
00:16:51]} {[%emt 00:02:01]} 32. Rb1 {[%clk 00:21:44]} {[%emt 00:05:10]} Nf4+
{[%clk 00:15:07]} {[%emt 00:02:15]} 33. Bxf4 {[%clk 00:21:52]} {[%emt
00:00:22]} Rxf4 {[%clk 00:15:33]} {[%emt 00:00:03]} 34. Kg3 {[%clk 00:10:24]}
{[%emt 00:11:58]} Rgf8 {[%clk 00:13:50]} {[%emt 00:02:13]} 35. Rb3 {[%clk
00:09:34]} {[%emt 00:01:21]} Rf1 {[%clk 00:04:24]} {[%emt 00:09:55]} 36. Ra3
{[%clk 00:03:06]} {[%emt 00:06:58]} Kb8 {[%clk 00:01:08]} {[%emt 00:03:45]} 37.
Re3 {[%clk 00:00:34]} {[%emt 00:03:03]} Rg1+ {[%clk 00:00:38]} {[%emt
00:01:00]} 38. Kh2 {[%clk 00:00:57]} {[%emt 00:00:07]} Rff1 {[%clk 00:00:48]}
{[%emt 00:00:20]} 39. e5 {[%clk 00:00:31]} {[%emt 00:00:57]} Rh1+ {[%clk
00:01:00]} {[%emt 00:00:17]} 40. Kg2 {[%clk 00:00:54]} {[%emt 00:00:07]} Rhg1+
{[%clk 00:00:40]} {[%emt 00:00:51]} 41. Kh2 {[%clk 00:01:08]} {[%emt 00:00:15]}
Rh1+ {[%clk 00:27:54]} {[%emt 00:03:16]} 42. Kg2 {[%clk 00:29:34]} {[%emt
00:02:04]} Rfg1+ {[%clk 00:28:19]} {[%emt 00:00:05]} 0-1

[Event "ODJM B 2023"]
[Site "Willingen GER"]
[Date "2023.05.31"]
[Round "5"]
[White "Groessing, Daniel-Yosuke"]
[Black "Dorendorf, Mika"]
[Result "1/2-1/2"]
[Termination "normal"]
[Board "3"]
[WhiteElo "1615"]
[BlackElo "1782"]
[WhiteClock "00:04:47"]
[BlackClock "00:12:52"]
[PlyCount "70"]
[WhiteFideId "1682237"]
[BlackFideId "16283066"]
[EventCountry "GER"]
[EventRounds "9"]
[EventType "swiss"]
[EventDate "2023.05.27"]

1. d4 {[%clk 01:30:51]} {[%emt 00:00:09]} d5 {[%clk 01:30:55]} {[%emt
00:00:05]} 2. c4 {[%clk 01:31:16]} {[%emt 00:00:04]} e6 {[%clk 01:31:22]}
{[%emt 00:00:04]} 3. Nc3 {[%clk 01:31:42]} {[%emt 00:00:03]} Nf6 {[%clk
01:31:48]} {[%emt 00:00:05]} 4. Bg5 {[%clk 01:32:09]} {[%emt 00:00:03]} Be7
{[%clk 01:32:14]} {[%emt 00:00:04]} 5. e3 {[%clk 01:32:35]} {[%emt 00:00:04]}
O-O {[%clk 01:32:36]} {[%emt 00:00:09]} 6. Nf3 {[%clk 01:32:58]} {[%emt
00:00:06]} h6 {[%clk 01:33:01]} {[%emt 00:00:05]} 7. Bh4 {[%clk 01:33:09]}
{[%emt 00:00:19]} Nbd7 {[%clk 01:33:25]} {[%emt 00:00:06]} 8. Bd3 {[%clk
01:33:29]} {[%emt 00:00:10]} c5 {[%clk 01:33:48]} {[%emt 00:00:07]} 9. O-O
{[%clk 01:32:42]} {[%emt 00:01:15]} b6 {[%clk 01:33:58]} {[%emt 00:00:22]} 10.
cxd5 {[%clk 01:31:42]} {[%emt 00:01:30]} Nxd5 {[%clk 01:34:08]} {[%emt
00:00:19]} 11. Bg3 {[%clk 01:30:47]} {[%emt 00:01:25]} Bb7 {[%clk 01:30:11]}
{[%emt 00:04:28]} 12. Rc1 {[%clk 01:27:39]} {[%emt 00:03:37]} Rc8 {[%clk
01:29:35]} {[%emt 00:01:06]} 13. Qd2 {[%clk 01:21:39]} {[%emt 00:06:31]} cxd4
{[%clk 01:27:34]} {[%emt 00:02:31]} 14. Nxd5 {[%clk 01:18:49]} {[%emt
00:03:19]} Bxd5 {[%clk 01:26:44]} {[%emt 00:01:21]} 15. Nxd4 {[%clk 01:19:07]}
{[%emt 00:00:12]} Nc5 {[%clk 01:26:07]} {[%emt 00:01:07]} 16. Bb1 {[%clk
01:15:26]} {[%emt 00:04:11]} Qd7 {[%clk 01:17:50]} {[%emt 00:08:47]} 17. Qe2
{[%clk 01:08:14]} {[%emt 00:07:42]} Rfd8 {[%clk 01:13:10]} {[%emt 00:05:10]}
18. Rfd1 {[%clk 01:04:39]} {[%emt 00:04:04]} Qb7 {[%clk 01:05:33]} {[%emt
00:08:08]} 19. f3 {[%clk 00:58:00]} {[%emt 00:07:09]} Bf6 {[%clk 01:03:50]}
{[%emt 00:02:13]} 20. Nb5 {[%clk 00:39:14]} {[%emt 00:19:15]} Qa6 {[%clk
00:51:12]} {[%emt 00:13:08]} 21. b4 {[%clk 00:30:32]} {[%emt 00:09:13]} Bc6
{[%clk 00:50:56]} {[%emt 00:00:45]} 22. bxc5 {[%clk 00:28:10]} {[%emt
00:02:53]} Bxb5 {[%clk 00:50:33]} {[%emt 00:00:52]} 23. Qc2 {[%clk 00:27:17]}
{[%emt 00:01:23]} Rxd1+ {[%clk 00:46:28]} {[%emt 00:04:36]} 24. Rxd1 {[%clk
00:27:29]} {[%emt 00:00:18]} g6 {[%clk 00:46:21]} {[%emt 00:00:37]} 25. Qe4
{[%clk 00:25:23]} {[%emt 00:02:34]} Rxc5 {[%clk 00:39:24]} {[%emt 00:07:28]}
26. Bh4 {[%clk 00:23:08]} {[%emt 00:02:43]} Qa4 {[%clk 00:27:04]} {[%emt
00:12:52]} 27. Qa8+ {[%clk 00:11:46]} {[%emt 00:11:52]} Kh7 {[%clk 00:26:45]}
{[%emt 00:00:48]} 28. Bxf6 {[%clk 00:09:40]} {[%emt 00:02:38]} Qxd1+ {[%clk
00:27:09]} {[%emt 00:00:05]} 29. Kf2 {[%clk 00:10:05]} {[%emt 00:00:05]} Qd2+
{[%clk 00:25:43]} {[%emt 00:01:56]} 30. Kg3 {[%clk 00:10:12]} {[%emt 00:00:23]}
Qe1+ {[%clk 00:22:18]} {[%emt 00:03:56]} 31. Kh3 {[%clk 00:09:20]} {[%emt
00:01:22]} Rh5+ {[%clk 00:22:37]} {[%emt 00:00:11]} 32. Kg4 {[%clk 00:09:45]}
{[%emt 00:00:04]} Rg5+ {[%clk 00:20:01]} {[%emt 00:03:07]} 33. Kh3 {[%clk
00:04:35]} {[%emt 00:05:30]} Rh5+ {[%clk 00:19:18]} {[%emt 00:01:22]} 34. Kg4
{[%clk 00:04:58]} {[%emt 00:00:07]} Rg5+ {[%clk 00:15:31]} {[%emt 00:04:17]}
35. Kh3 {[%clk 00:04:47]} {[%emt 00:00:40]} Rh5+ {[%clk 00:12:52]} {[%emt
00:03:09]} 1/2-1/2

[Event "ODJM B 2023"]
[Site "Willingen GER"]
[Date "2023.05.31"]
[Round "5"]
[White "Pimenov, Danil"]
[Black "Kuhlmann, Nils Magnus"]
[Result "0-1"]
[Termination "normal"]
[Board "4"]
[WhiteElo "1488"]
[BlackElo "1553"]
[WhiteClock "00:16:57"]
[BlackClock "00:25:15"]
[PlyCount "78"]
[WhiteFideId "34600248"]
[BlackFideId "16287177"]
[EventCountry "GER"]
[EventRounds "9"]
[EventType "swiss"]
[EventDate "2023.05.27"]

1. e4 {[%clk 01:30:58]} {[%emt 00:00:01]} c6 {[%clk 01:30:40]} {[%emt
00:00:21]} 2. d4 {[%clk 01:31:22]} {[%emt 00:00:06]} d5 {[%clk 01:30:58]}
{[%emt 00:00:12]} 3. exd5 {[%clk 01:31:47]} {[%emt 00:00:04]} cxd5 {[%clk
01:31:25]} {[%emt 00:00:04]} 4. Bd3 {[%clk 01:32:11]} {[%emt 00:00:06]} Nc6
{[%clk 01:31:44]} {[%emt 00:00:10]} 5. c3 {[%clk 01:32:36]} {[%emt 00:00:05]}
Nf6 {[%clk 01:31:51]} {[%emt 00:00:23]} 6. h3 {[%clk 01:32:58]} {[%emt
00:00:07]} Qc7 {[%clk 01:32:09]} {[%emt 00:00:13]} 7. Nf3 {[%clk 01:33:07]}
{[%emt 00:00:21]} g6 {[%clk 01:32:30]} {[%emt 00:00:09]} 8. O-O {[%clk
01:32:45]} {[%emt 00:00:51]} Bf5 {[%clk 01:32:49]} {[%emt 00:00:12]} 9. Bg5
{[%clk 01:32:39]} {[%emt 00:00:35]} Ne4 {[%clk 01:32:24]} {[%emt 00:00:57]} 10.
Bh4 {[%clk 01:31:47]} {[%emt 00:01:21]} h6 {[%clk 01:25:18]} {[%emt 00:07:36]}
11. Qe2 {[%clk 01:30:44]} {[%emt 00:01:34]} O-O-O {[%clk 01:22:13]} {[%emt
00:03:34]} 12. Bxe4 {[%clk 01:24:57]} {[%emt 00:06:17]} Bxe4 {[%clk 01:19:04]}
{[%emt 00:03:40]} 13. Nbd2 {[%clk 01:24:42]} {[%emt 00:00:44]} f5 {[%clk
01:18:55]} {[%emt 00:00:40]} 14. Ne5 {[%clk 01:21:43]} {[%emt 00:03:28]} Nxe5
{[%clk 01:15:23]} {[%emt 00:04:03]} 15. dxe5 {[%clk 01:22:00]} {[%emt
00:00:12]} g5 {[%clk 01:15:19]} {[%emt 00:00:34]} 16. Bg3 {[%clk 01:22:20]}
{[%emt 00:00:09]} f4 {[%clk 01:15:33]} {[%emt 00:00:17]} 17. Bh2 {[%clk
01:22:34]} {[%emt 00:00:15]} Bf5 {[%clk 01:15:18]} {[%emt 00:00:45]} 18. Nf3
{[%clk 01:18:20]} {[%emt 00:04:44]} e6 {[%clk 01:08:41]} {[%emt 00:07:08]} 19.
Nd4 {[%clk 01:13:33]} {[%emt 00:05:17]} Qh7 {[%clk 01:07:44]} {[%emt 00:01:27]}
20. Rfd1 {[%clk 01:12:49]} {[%emt 00:01:14]} h5 {[%clk 01:06:36]} {[%emt
00:01:38]} 21. c4 {[%clk 01:10:51]} {[%emt 00:02:28]} g4 {[%clk 01:01:15]}
{[%emt 00:05:52]} 22. cxd5 {[%clk 01:03:39]} {[%emt 00:07:42]} Rxd5 {[%clk
00:57:51]} {[%emt 00:03:54]} 23. Rac1+ {[%clk 01:00:48]} {[%emt 00:03:21]} Kb8
{[%clk 00:58:09]} {[%emt 00:00:12]} 24. Nxf5 {[%clk 01:00:20]} {[%emt
00:00:57]} Qxf5 {[%clk 00:57:57]} {[%emt 00:00:42]} 25. Rxd5 {[%clk 01:00:22]}
{[%emt 00:00:28]} exd5 {[%clk 00:58:12]} {[%emt 00:00:15]} 26. Qd2 {[%clk
00:54:53]} {[%emt 00:05:58]} gxh3 {[%clk 00:54:06]} {[%emt 00:04:37]} 27. Bxf4
{[%clk 00:51:30]} {[%emt 00:03:53]} Be7 {[%clk 00:50:48]} {[%emt 00:03:48]} 28.
Qc3 {[%clk 00:48:21]} {[%emt 00:03:39]} Rg8 {[%clk 00:47:30]} {[%emt 00:03:49]}
29. Bg3 {[%clk 00:45:48]} {[%emt 00:03:02]} Ka8 {[%clk 00:42:55]} {[%emt
00:05:06]} 30. Kh1 {[%clk 00:35:36]} {[%emt 00:10:41]} hxg2+ {[%clk 00:43:09]}
{[%emt 00:00:17]} 31. Kg1 {[%clk 00:34:49]} {[%emt 00:01:16]} h4 {[%clk
00:42:45]} {[%emt 00:00:54]} 32. Bh2 {[%clk 00:34:37]} {[%emt 00:00:42]} a6
{[%clk 00:36:12]} {[%emt 00:07:04]} 33. b4 {[%clk 00:32:38]} {[%emt 00:02:28]}
Rf8 {[%clk 00:32:08]} {[%emt 00:04:34]} 34. Rc2 {[%clk 00:31:29]} {[%emt
00:01:39]} Qe4 {[%clk 00:31:43]} {[%emt 00:00:55]} 35. a3 {[%clk 00:30:08]}
{[%emt 00:01:51]} h3 {[%clk 00:30:43]} {[%emt 00:01:31]} 36. Bg3 {[%clk
00:21:50]} {[%emt 00:08:48]} d4 {[%clk 00:29:29]} {[%emt 00:01:44]} 37. Qd2
{[%clk 00:19:50]} {[%emt 00:02:29]} Bg5 {[%clk 00:28:35]} {[%emt 00:01:24]} 38.
Qe2 {[%clk 00:16:51]} {[%emt 00:03:29]} Qxe2 {[%clk 00:24:55]} {[%emt
00:04:11]} 39. Rxe2 {[%clk 00:16:57]} {[%emt 00:00:24]} d3 {[%clk 00:25:15]}
{[%emt 00:00:10]} 0-1

[Event "ODJM B 2023"]
[Site "Willingen GER"]
[Date "2023.05.31"]
[Round "5"]
[White "Vollmar, Timo"]
[Black "Törpel, Cedrik"]
[Result "1/2-1/2"]
[Termination "normal"]
[Board "7"]
[WhiteElo "1817"]
[BlackElo "1678"]
[WhiteClock "00:42:46"]
[BlackClock "00:09:11"]
[PlyCount "75"]
[WhiteFideId "16253582"]
[BlackFideId "34660380"]
[EventCountry "GER"]
[EventRounds "9"]
[EventType "swiss"]
[EventDate "2023.05.27"]

1. e4 {[%clk 01:30:07]} {[%emt 00:00:52]} c6 {[%clk 01:30:56]} {[%emt
00:00:05]} 2. d4 {[%clk 01:30:31]} {[%emt 00:00:06]} d5 {[%clk 01:31:21]}
{[%emt 00:00:04]} 3. Nc3 {[%clk 01:30:53]} {[%emt 00:00:07]} dxe4 {[%clk
01:31:42]} {[%emt 00:00:11]} 4. Nxe4 {[%clk 01:31:14]} {[%emt 00:00:08]} Nf6
{[%clk 01:32:06]} {[%emt 00:00:06]} 5. Nxf6+ {[%clk 01:31:38]} {[%emt
00:00:06]} exf6 {[%clk 01:32:31]} {[%emt 00:00:06]} 6. c3 {[%clk 01:31:57]}
{[%emt 00:00:11]} Bf5 {[%clk 01:31:49]} {[%emt 00:01:12]} 7. Nf3 {[%clk
01:31:15]} {[%emt 00:01:10]} Bd6 {[%clk 01:28:14]} {[%emt 00:04:06]} 8. Bd3
{[%clk 01:30:43]} {[%emt 00:01:01]} Bxd3 {[%clk 01:28:16]} {[%emt 00:00:29]} 9.
Qxd3 {[%clk 01:31:05]} {[%emt 00:00:07]} O-O {[%clk 01:28:27]} {[%emt
00:00:20]} 10. O-O {[%clk 01:28:22]} {[%emt 00:03:11]} Re8 {[%clk 01:27:45]}
{[%emt 00:01:13]} 11. Be3 {[%clk 01:25:54]} {[%emt 00:02:58]} Nd7 {[%clk
01:27:14]} {[%emt 00:01:01]} 12. Rad1 {[%clk 01:23:13]} {[%emt 00:03:11]} Qc7
{[%clk 01:17:42]} {[%emt 00:10:03]} 13. d5 {[%clk 01:14:00]} {[%emt 00:09:43]}
Ne5 {[%clk 01:17:55]} {[%emt 00:00:17]} 14. Nxe5 {[%clk 01:14:19]} {[%emt
00:00:11]} Bxe5 {[%clk 01:18:07]} {[%emt 00:00:17]} 15. d6 {[%clk 01:14:27]}
{[%emt 00:00:22]} Qd7 {[%clk 01:18:18]} {[%emt 00:00:19]} 16. f4 {[%clk
01:14:07]} {[%emt 00:00:50]} Bxd6 {[%clk 01:15:54]} {[%emt 00:02:55]} 17. Rf3
{[%clk 00:58:52]} {[%emt 00:15:45]} Red8 {[%clk 00:59:50]} {[%emt 00:16:34]}
18. Rh3 {[%clk 00:57:40]} {[%emt 00:01:42]} h6 {[%clk 00:58:23]} {[%emt
00:01:56]} 19. Kf1 {[%clk 00:53:33]} {[%emt 00:04:38]} Qc7 {[%clk 00:51:19]}
{[%emt 00:07:34]} 20. Qf5 {[%clk 00:53:04]} {[%emt 00:00:58]} Be7 {[%clk
00:43:45]} {[%emt 00:08:05]} 21. Re1 {[%clk 00:52:55]} {[%emt 00:00:39]} Rd5
{[%clk 00:43:26]} {[%emt 00:00:49]} 22. Qg4 {[%clk 00:52:57]} {[%emt 00:00:27]}
Qd7 {[%clk 00:35:51]} {[%emt 00:08:05]} 23. Rg3 {[%clk 00:49:07]} {[%emt
00:04:20]} Qxg4 {[%clk 00:35:35]} {[%emt 00:00:47]} 24. Rxg4 {[%clk 00:49:31]}
{[%emt 00:00:06]} Bc5 {[%clk 00:31:02]} {[%emt 00:05:03]} 25. Bxc5 {[%clk
00:43:27]} {[%emt 00:06:34]} Rxc5 {[%clk 00:31:27]} {[%emt 00:00:05]} 26. Re7
{[%clk 00:43:48]} {[%emt 00:00:09]} Rb5 {[%clk 00:31:39]} {[%emt 00:00:18]} 27.
b4 {[%clk 00:42:39]} {[%emt 00:01:39]} a5 {[%clk 00:25:06]} {[%emt 00:07:03]}
28. a4 {[%clk 00:42:59]} {[%emt 00:00:10]} Rb6 {[%clk 00:25:27]} {[%emt
00:00:09]} 29. f5 {[%clk 00:43:16]} {[%emt 00:00:12]} axb4 {[%clk 00:23:54]}
{[%emt 00:02:04]} 30. Rxb4 {[%clk 00:42:59]} {[%emt 00:00:47]} Rxb4 {[%clk
00:24:09]} {[%emt 00:00:15]} 31. cxb4 {[%clk 00:43:23]} {[%emt 00:00:07]} Rxa4
{[%clk 00:24:19]} {[%emt 00:00:19]} 32. Rxb7 {[%clk 00:43:32]} {[%emt
00:00:21]} Kf8 {[%clk 00:16:30]} {[%emt 00:08:19]} 33. Ke2 {[%clk 00:42:26]}
{[%emt 00:01:36]} Ra2+ {[%clk 00:16:04]} {[%emt 00:00:56]} 34. Kf3 {[%clk
00:42:45]} {[%emt 00:00:11]} Rd2 {[%clk 00:12:43]} {[%emt 00:03:51]} 35. Rb6
{[%clk 00:41:40]} {[%emt 00:01:35]} Rc2 {[%clk 00:10:13]} {[%emt 00:03:00]} 36.
Rb8+ {[%clk 00:42:01]} {[%emt 00:00:09]} Ke7 {[%clk 00:10:00]} {[%emt
00:00:43]} 37. Rb7+ {[%clk 00:42:25]} {[%emt 00:00:06]} Ke8 {[%clk 00:09:11]}
{[%emt 00:01:20]} 38. Rb8+ {[%clk 00:42:46]} {[%emt 00:00:07]} 1/2-1/2